Normal view
MARC view
Entry Meeting Name
001 - CONTROL NUMBER
- control field: 22733
003 - CONTROL NUMBER IDENTIFIER
- control field: OSt
005 - DATE AND TIME OF LATEST TRANSACTION
- control field: 20211105134701.0
008 - FIXED-LENGTH DATA ELEMENTS
- fixed length control field: 211105|| aca||aabn | a|a d
040 ## - CATALOGING SOURCE
- Original cataloging agency: OSt
- Transcribing agency: OSt
111 ## - HEADING--MEETING NAME
- Meeting name or jurisdiction name as entry element: workshop on Physics of Dusty Plasmas
- Number of part/section/meeting: 7th
- Location of meeting: Colorado
- Date of meeting or treaty signing: 1998 Apr
670 ## - SOURCE DATA FOUND
- Source citation: Work cat.: (OSt): workshop on Physics of Dusty Plasmas 7th Colorado 1998 Apr., Physics of dusty plasmas, 1998